<?xml version="1.0" encoding="UTF-8"?>
<record
    xmlns:xsi="http://www.w3.org/2001/XMLSchema-instance"
    xsi:schemaLocation="http://www.loc.gov/MARC21/slim http://www.loc.gov/standards/marcxml/schema/MARC21slim.xsd"
    xmlns="http://www.loc.gov/MARC21/slim">

  <leader>02153nam a2200229Ia 4500</leader>
  <controlfield tag="003">OSt</controlfield>
  <controlfield tag="005">20250630151345.0</controlfield>
  <controlfield tag="008">210210b2019   xxu||||| |||| 00| 0 eng d</controlfield>
  <datafield tag="020" ind1=" " ind2=" ">
    <subfield code="a">978-8193959862</subfield>
  </datafield>
  <datafield tag="040" ind1=" " ind2=" ">
    <subfield code="c">AL</subfield>
  </datafield>
  <datafield tag="041" ind1=" " ind2=" ">
    <subfield code="a">Kannada</subfield>
  </datafield>
  <datafield tag="082" ind1=" " ind2=" ">
    <subfield code="a">791.43K PUTS</subfield>
  </datafield>
  <datafield tag="100" ind1=" " ind2=" ">
    <subfield code="a">PUTTASVAMI (K)</subfield>
    <subfield code="9">140829</subfield>
    <subfield code="d"> &#xCAA;&#xCC1;&#xC9F;&#xCCD;&#xC9F;&#xCB8;&#xCCD;&#xCB5;&#xCBE;&#xCAE;&#xCBF; (&#xC95;&#xCC6;) </subfield>
  </datafield>
  <datafield tag="245" ind1=" " ind2=" ">
    <subfield code="a">Cinima yana</subfield>
    <subfield code="b">&#xCB8;&#xCBF;&#xCA8;&#xCBF;&#xCAE;&#xCBE; &#xCAF;&#xCBE;&#xCA8;</subfield>
  </datafield>
  <datafield tag="260" ind1=" " ind2=" ">
    <subfield code="a">Bengaluru</subfield>
    <subfield code="b">Abhinava Prakashana</subfield>
    <subfield code="c">2019</subfield>
  </datafield>
  <datafield tag="300" ind1=" " ind2=" ">
    <subfield code="a">xx,334</subfield>
  </datafield>
  <datafield tag="520" ind1=" " ind2=" ">
    <subfield code="a">&#xC95;&#xCA8;&#xCCD;&#xCA8;&#xCA1; &#xC9A;&#xCBF;&#xCA4;&#xCCD;&#xCB0;&#xCB0;&#xC82;&#xC97; 75 &#xC92;&#xC82;&#xCA6;&#xCC1; &#xCAB;&#xCCD;&#xCB2;&#xCBE;&#xCB6;&#xCCD; &#xCAC;&#xCCD;&#xCAF;&#xCBE;&#xC95;&#xCCD;  : kannada chitraranga 75 ondu flash back
&#xCAA;&#xCCD;&#xCB0;&#xCA4;&#xCBF;&#xCB7;&#xCCD;&#xCA0;&#xCBF;&#xCA4; &#xCB8;&#xCCD;&#xCB5;&#xCB0;&#xCCD;&#xCA3;&#xC95;&#xCAE;&#xCB2; &#xCAA;&#xCC1;&#xCB0;&#xCB8;&#xCCD;&#xC95;&#xCBE;&#xCB0; &#xCAA;&#xCA1;&#xCC6;&#xCA6; &#xC9A;&#xCB2;&#xCA8;&#xC9A;&#xCBF;&#xCA4;&#xCCD;&#xCB0; &#xC95;&#xCC1;&#xCB0;&#xCBF;&#xCA4; &#xC95;&#xCA8;&#xCCD;&#xCA8;&#xCA1;&#xCA6; &#xCAE;&#xCCA;&#xCA6;&#xCB2; &#xC97;&#xCCD;&#xCB0;&#xC82;&#xCA5; &#x2019;&#xCB8;&#xCBF;&#xCA8;&#xCBF;&#xCAE;&#xCBE; &#xCAF;&#xCBE;&#xCA8;&#x2019;. &#xCAA;&#xCA4;&#xCCD;&#xCB0;&#xCBF;&#xC95;&#xCCB;&#xCA6;&#xCCD;&#xCAF;&#xCAE;, &#xCB8;&#xCBE;&#xCB0;&#xCCD;&#xCB5;&#xC9C;&#xCA8;&#xCBF;&#xC95; &#xCB8;&#xC82;&#xCAA;&#xCB0;&#xCCD;&#xC95; &#xC95;&#xCCD;&#xCB7;&#xCC7;&#xCA4;&#xCCD;&#xCB0;&#xCA6;&#xCB2;&#xCCD;&#xCB2;&#xCBF; &#xCB8;&#xCBE;&#xC95;&#xCB7;&#xCCD;&#xC9F;&#xCC1; &#xC95;&#xCC6;&#xCB2;&#xCB8; &#xCAE;&#xCBE;&#xCA1;&#xCBF;&#xCB0;&#xCC1;&#xCB5; &#xCA1;&#xCBE;.&#xC95;&#xCC6;. &#xCAA;&#xCC1;&#xC9F;&#xCCD;&#xC9F;&#xCB8;&#xCCD;&#xCB5;&#xCBE;&#xCAE;&#xCBF; &#xC95;&#xCC3;&#xCA4;&#xCBF;&#xCAF; &#xCB2;&#xCC7;&#xC96;&#xC95;&#xCB0;&#xCC1;.
&#xC95;&#xCA8;&#xCCD;&#xCA8;&#xCA1;&#xCA6; &#xCB8;&#xCBF;&#xCA8;&#xCBF; &#xC87;&#xCA4;&#xCBF;&#xCB9;&#xCBE;&#xCB8;&#xCB5;&#xCA8;&#xCCD;&#xCA8;&#xCC1; &#xCB5;&#xCBF;&#xCB6;&#xCBF;&#xCB7;&#xCCD;&#xC9F; &#xCB0;&#xCC0;&#xCA4;&#xCBF;&#xCAF;&#xCB2;&#xCCD;&#xCB2;&#xCBF; &#xCAE;&#xC82;&#xCA1;&#xCBF;&#xCB8;&#xCC1;&#xCB5; &#xC95;&#xCC3;&#xCA4;&#xCBF; &#xCB9;&#xCB2;&#xCB5;&#xCC1; &#xCB8;&#xCCD;&#xCB5;&#xCBE;&#xCB0;&#xCB8;&#xCCD;&#xCAF;&#xC95;&#xCB0; &#xCB8;&#xC82;&#xC97;&#xCA4;&#xCBF;&#xC97;&#xCB3; &#xCAE;&#xCC2;&#xCB2;&#xC95; &#xC97;&#xCAE;&#xCA8; &#xCB8;&#xCC6;&#xCB3;&#xCC6;&#xCAF;&#xCC1;&#xCA4;&#xCCD;&#xCA4;&#xCA6;&#xCC6;. &#xC87;&#xCA4;&#xCBF;&#xCAE;&#xCBF;&#xCA4;&#xCBF;&#xC97;&#xCB3; &#xCA8;&#xCA1;&#xCC1;&#xCB5;&#xCC6;&#xCAF;&#xCC7; &#xCB9;&#xCAC;&#xCCD;&#xCAC;&#xCBF;&#xCA6; &#xC95;&#xCA8;&#xCCD;&#xCA8;&#xCA1; &#xCB8;&#xCBF;&#xCA8;&#xCBF;&#xCB2;&#xCCB;&#xC95;, &#xCA4;&#xCC6;&#xCB0;&#xCC6;&#xCAF; &#xCB9;&#xCBF;&#xC82;&#xCA6;&#xCBF;&#xCA8; &#xC95;&#xCA4;&#xCC6;&#xC97;&#xCB3;&#xCC1;, &#xC95;&#xCAA;&#xCCD;&#xCAA;&#xCC1;-&#xCAC;&#xCBF;&#xCB3;&#xCC1;&#xCAA;&#xCBF;&#xCA8;&#xCBF;&#xC82;&#xCA6; &#xCB5;&#xCB0;&#xCCD;&#xCA3;&#xC9A;&#xCBF;&#xCA4;&#xCCD;&#xCB0;&#xC95;&#xCCD;&#xC95;&#xCC6; &#xCB9;&#xCCA;&#xCB0;&#xCB3;&#xCBF;&#xCA6; &#xCAE;&#xCA8;&#xCCD;&#xCB5;&#xC82;&#xCA4;&#xCB0;&#xCA6; &#xC98;&#xC9F;&#xCCD;&#xC9F;. &#xCB9;&#xCCA;&#xCB8; &#xC85;&#xCB2;&#xCC6;&#xCAF; &#xC9A;&#xCB2;&#xCA8;&#xC9A;&#xCBF;&#xCA4;&#xCCD;&#xCB0;&#xC97;&#xCB3;&#xCC1; &#xCAE;&#xCC2;&#xCA1;&#xCBF;&#xCAC;&#xC82;&#xCA6; &#xCAC;&#xC97;&#xCC6;. &#xCB8;&#xCBF;&#xCA8;&#xCBF;&#xCAE;&#xCBE; &#xCA4;&#xC82;&#xCA4;&#xCCD;&#xCB0;&#xC9C;&#xCCD;&#xC9E;&#xCB0;&#xCC1; &#xC9A;&#xCBF;&#xCA4;&#xCCD;&#xCB0;&#xC97;&#xCB3;&#xCA8;&#xCCD;&#xCA8;&#xCC1; &#xCA8;&#xCBF;&#xCB0;&#xCCD;&#xCAE;&#xCBF;&#xCB8;&#xCB2;&#xCC1; &#xCA8;&#xCA1;&#xCC6;&#xCB8;&#xCC1;&#xCA4;&#xCCD;&#xCA4;&#xCBF;&#xCA6;&#xCCD;&#xCA6; &#xCB9;&#xCCB;&#xCB0;&#xCBE;&#xC9F; &#xC8E;&#xCB2;&#xCCD;&#xCB2;&#xCB5;&#xCC2; &#xC95;&#xCC3;&#xCA4;&#xCBF;&#xCAF;&#xCB2;&#xCCD;&#xCB2;&#xCBF; &#xC9A;&#xCBF;&#xCA4;&#xCCD;&#xCB0;&#xCBF;&#xCA4;. </subfield>
  </datafield>
  <datafield tag="650" ind1=" " ind2=" ">
    <subfield code="a">Kannada Cinema 75-A Flashback</subfield>
    <subfield code="9">216613</subfield>
  </datafield>
  <datafield tag="690" ind1=" " ind2=" ">
    <subfield code="a">Cinema</subfield>
    <subfield code="9">140838</subfield>
  </datafield>
  <datafield tag="906" ind1=" " ind2=" ">
    <subfield code="a">073292</subfield>
  </datafield>
  <datafield tag="942" ind1=" " ind2=" ">
    <subfield code="2">ddc</subfield>
    <subfield code="c">BK</subfield>
  </datafield>
  <datafield tag="999" ind1=" " ind2=" ">
    <subfield code="c">94120</subfield>
    <subfield code="d">94120</subfield>
  </datafield>
  <datafield tag="952" ind1=" " ind2=" ">
    <subfield code="0">0</subfield>
    <subfield code="1">0</subfield>
    <subfield code="4">0</subfield>
    <subfield code="7">0</subfield>
    <subfield code="8">Journalism</subfield>
    <subfield code="a">AL</subfield>
    <subfield code="b">AL</subfield>
    <subfield code="c">Fine Arts</subfield>
    <subfield code="d">2021-02-17</subfield>
    <subfield code="e">Navakarnataka Publication Pvt Ltd., Mangalore.</subfield>
    <subfield code="g">375.00</subfield>
    <subfield code="l">3</subfield>
    <subfield code="o">791.43K PUTS</subfield>
    <subfield code="p">073292</subfield>
    <subfield code="r">2025-10-04 12:29:12</subfield>
    <subfield code="s">2025-06-26</subfield>
    <subfield code="w">2021-02-17</subfield>
    <subfield code="y">BK</subfield>
  </datafield>
</record>
